[Event "Tata Steel 2025"]
[Site "Wijk aan Zee"]
[Date "21.01.2025"]
[Round "4"]
[White "Erigaisi, Arjun"]
[Black "Fedoseev, Vladimir"]
[Result "0-1"]
[WhiteElo "2801"]
[BlackElo "2717"]
[EventDate "2025.01.18"]

1. d4 Nf6 2. c4 e6 3. Nf3 d5 4. Nc3 Be7 5. cxd5 exd5 6. Bf4 Bd6 7. e3 Bxf4
8. exf4 O-O 9. Ne5 Nc6 10. f3 Be6 11. Qd2 Nxe5 12. dxe5 Nd7 13. O-O-O c6
14. g4 f5 15. Ne2 fxg4 16. Nd4 Qe7 17. Rg1 gxf3 18. Bd3 Kh8 19. Bc2 c5 20.
Nxf3 Nb6 21. Rg5 Nc4 22. Qd3 g6 23. Nh4 Qf7 24. Rf1 Rg8 25. Qg3 Bf5 26.
Bxf5 gxf5 27. Nxf5 Qxf5 28. Rxf5 Rxg3 29. hxg3 Ne3 30. Rg5 Nxf1 31. e6 Ne3
32. Re5 d4 33. Rxc5 b6 34. Rh5 Kg7 35. Kd2 Re8 36. f5 Kf6 37. Rxh7 Nxf5 38.
Rxa7 Rxe6 39. g4 Nh4 0-1

[Event "Tata Steel 2025"]
[Site "Wijk aan Zee"]
[Date "22.01.2025"]
[Round "5"]
[White "Mendonca, Leon Luke"]
[Black "Erigaisi, Arjun"]
[Result "1/2-1/2"]
[WhiteElo "2639"]
[BlackElo "2801"]
[EventDate "2025.01.18"]

1. d4 Nf6 2. c4 e6 3. Nf3 c5 4. d5 b5 5. Bg5 exd5 6. cxd5 h6 7. Bxf6 Qxf6
8. Qc2 g5 9. Nc3 Bg7 10. Nxb5 Na6 11. e3 O-O 12. a3 d6 13. Bd3 Bd7 14. Nc3
Nc7 15. O-O Rab8 16. Nd2 Qe7 17. e4 a6 18. Rab1 Nb5 19. Ne2 Kh8 20. Nc4 Nd4
21. Nxd4 Bxd4 22. Na5 Rb6 23. Nc4 Rbb8 24. Na5 Rb6 25. b3 Qf6 26. Kh1 Rfb8
27. Nc4 R6b7 28. Na5 Rb6 29. Nc4 R6b7 30. Na5 Rb6 1/2-1/2

[Event "Tata Steel 2025"]
[Site "Wijk aan Zee"]
[Date "22.01.2025"]
[Round "5"]
[White "Fedoseev, Vladimir"]
[Black "Caruana, Fabiano"]
[Result "1-0"]
[WhiteElo "2717"]
[BlackElo "2803"]
[EventDate "2025.01.18"]

1. d4 d5 2. c4 e6 3. Nf3 Nf6 4. Nc3 Bb4 5. Bg5 h6 6. Bxf6 Qxf6 7. Qa4+ Nc6
8. e3 O-O 9. Be2 dxc4 10. O-O Qe7 11. Bxc4 Na5 12. Bd3 Bxc3 13. bxc3 b6 14.
Qb4 Qd6 15. Rfd1 Bb7 16. Rac1 Rac8 17. Qxd6 cxd6 18. Nd2 Rc7 19. Rc2 Rfc8
20. Rdc1 Kf8 21. f3 Ke7 22. e4 g5 23. Kf2 e5 24. Nf1 exd4 25. cxd4 Rxc2+
26. Rxc2 Rxc2+ 27. Bxc2 Bc8 28. Bd3 Nc6 29. Ke3 a6 30. Nd2 b5 31. Nb3 d5
32. Nc5 Kd6 33. Bc2 Ne5 34. Bb3 Nc4+ 35. Kd3 Nb6 36. Kc3 a5 37. a3 f6 38.
Ba2 Kc6 39. g3 Bh3 40. Nb3 Na4+ 41. Kc2 Bg2 42. e5 fxe5 43. dxe5 b4 44.
Nd4+ Kc5 45. e6 Kd6 46. axb4 axb4 47. Bxd5 Bf1 48. Bb3 Nc5 49. Nf5+ Ke5 50.
e7 Bd3+ 51. Kd2 Bb5 52. Bc4 Ba4 53. Ng7 g4 54. f4+ Kd4 55. Bf7 Ne4+ 56. Ke1
Kc3 57. e8=Q Bxe8 58. Nxe8 b3 59. Bxb3 Kxb3 60. Ke2 1-0

[Event "Tata Steel 2025"]
[Site "Wijk aan Zee"]
[Date "22.01.2025"]
[Round "5"]
[White "Warmerdam, Max"]
[Black "Praggnanandhaa, Rameshbabu"]
[Result "1/2-1/2"]
[WhiteElo "2646"]
[BlackElo "2741"]
[EventDate "2025.01.18"]

1. e4 e6 2. d4 d5 3. exd5 exd5 4. Nf3 Nc6 5. Nc3 Nf6 6. Bb5 Bb4 7. O-O O-O
8. Bxc6 bxc6 9. Ne5 Bxc3 10. bxc3 Ne4 11. Re1 f6 12. Nxc6 Qd7 13. Nb4 a5
14. Nd3 Nxc3 15. Qf3 Ne4 16. Ba3 Re8 17. Nc5 Qf5 18. c4 Be6 19. Nxe4 Qxf3
20. gxf3 dxe4 21. fxe4 Bxc4 22. Rac1 Bxa2 23. Rxc7 f5 24. f3 fxe4 25. fxe4
Ra6 26. Re2 Bf7 27. Kf2 Rf6+ 28. Ke1 Rfe6 29. e5 Rg6 30. Rf2 Bb3 31. Kd2 h6
32. Rf3 a4 33. Rg3 Rxg3 34. hxg3 Re6 35. Ke3 Rg6 36. Kf2 Rg4 37. Rd7 Re4
38. Bb4 Bd1 39. Bc5 Re2+ 40. Kf1 1/2-1/2

[Event "Tata Steel 2025"]
[Site "Wijk aan Zee"]
[Date "22.01.2025"]
[Round "5"]
[White "Van Foreest, Jorden"]
[Black "Abdusattorov, Nodirbek"]
[Result "0-1"]
[WhiteElo "2680"]
[BlackElo "2768"]
[EventDate "2025.01.18"]

1. e4 c6 2. d4 d5 3. e5 Bf5 4. c4 e6 5. Nc3 Bb4 6. Nge2 Ne7 7. a3 Ba5 8. b4
Bc7 9. Ng3 Bg6 10. h4 h6 11. h5 Bh7 12. Qg4 Rg8 13. Be2 dxc4 14. Bxc4 Nd7
15. O-O Nf5 16. Be3 Qe7 17. b5 c5 18. Nxf5 Bxf5 19. Qf3 O-O-O 20. Nd5 exd5
21. Bxd5 Kb8 22. Qxf5 Nxe5 23. dxe5 Rxd5 24. f4 Rgd8 25. Qe4 f6 26. a4 fxe5
27. a5 Qe8 28. b6 axb6 29. axb6 Bxb6 30. fxe5 Bc7 31. Bf4 Rd4 32. Qe2 Rxf4
33. Rxf4 Qxe5 34. Qa2 Qe3+ 35. Rf2 Bg3 36. Qa8+ Kc7 37. Qa5+ b6 38. Qa7+
Kc6 39. Qa4+ b5 40. Qa6+ Kd5 41. Qb7+ Kc4 42. Qf7+ Rd5 43. Raa2 Bxf2+ 44.
Rxf2 Qd4 45. Kh2 Qe5+ 46. Kg1 Kb4 47. Rf1 Rd2 0-1

[Event "Tata Steel 2025"]
[Site "Wijk aan Zee"]
[Date "22.01.2025"]
[Round "5"]
[White "Gukesh, Dommaraju"]
[Black "Keymer, Vincent"]
[Result "1-0"]
[WhiteElo "2777"]
[BlackElo "2733"]
[EventDate "2025.01.18"]

1. d4 Nf6 2. c4 e6 3. Nc3 Bb4 4. e3 O-O 5. Bd2 d5 6. Nf3 Nbd7 7. Qc2 c6 8.
Be2 b6 9. O-O a5 10. a3 Bxc3 11. Bxc3 Ne4 12. Be1 Ba6 13. Bd3 h6 14. Bxe4
dxe4 15. Nd2 f5 16. f3 exf3 17. Nxf3 c5 18. Rd1 cxd4 19. Rxd4 Qe8 20. Bg3
e5 21. Rd6 Rc8 22. Rfd1 f4 23. exf4 exf4 24. Bf2 Rf7 25. R1d4 Bb7 26. Qd1
Bc6 27. b4 axb4 28. axb4 Qe7 29. Qd3 Nf6 30. Rxf4 Be4 31. Qd4 Bxf3 32. Rxf3
Qe2 33. Rd8+ Rxd8 34. Qxd8+ Rf8 35. Qd3 Qxd3 36. Rxd3 Rc8 37. Rd4 Kf7 38.
Kf1 Ra8 39. Ke2 Ra4 40. Be1 Ke6 41. Bd2 h5 42. Kd3 Ng4 43. Kc3 Nf6 44. Kb3
Ra1 45. Bc3 Rb1+ 46. Kc2 Rf1 47. Rd2 Ne8 48. Kb3 g6 49. Bd4 Rb1+ 50. Ka4
Rc1 51. Bxb6 Rxc4 52. Kb5 Rc1 53. Bc5 Nf6 54. Rd6+ Kf5 55. Kc6 Ng4 56. Rd2
Ke6 57. Rd6+ Kf5 58. b5 Ne5+ 59. Kd5 Nd3 60. Rc6 Nf4+ 61. Kd6 Rd1+ 62. Kc7
Nd5+ 63. Kc8 Rc1 64. Kd7 Rc2 65. Bd6 Rxg2 66. Rc5 Ke4 67. Ke6 Rd2 68. h4
Nb6 69. Rc6 Nd5 70. b6 Nxb6 71. Rxb6 Kf3 72. Be7 1-0

[Event "Tata Steel 2025"]
[Site "Wijk aan Zee"]
[Date "22.01.2025"]
[Round "5"]
[White "Giri, Anish"]
[Black "Sarana, Alexey"]
[Result "1/2-1/2"]
[WhiteElo "2731"]
[BlackElo "2677"]
[EventDate "2025.01.18"]

1. e4 e5 2. Nf3 Nc6 3. Bc4 Nf6 4. d3 Be7 5. Nc3 d6 6. a4 Bg4 7. h3 Bxf3 8.
Qxf3 Nd4 9. Qd1 c6 10. Ba2 Ne6 11. O-O O-O 12. Re1 Qc7 13. Be3 a5 14. Qf3
Rad8 15. Rab1 Nd7 16. h4 Nd4 17. Bxd4 exd4 18. Ne2 Bxh4 19. Nxd4 Bf6 20.
Nf5 g6 21. Qg3 Be5 22. f4 Bg7 23. Nxg7 Kxg7 24. d4 Nf6 25. c3 h5 26. Re2
Ng4 27. Rbe1 Rfe8 28. f5 Qe7 29. Rf1 Qg5 30. f6+ Kh6 31. Bxf7 Rf8 32. Be6
Rxf6 33. Rxf6 Nxf6 34. Qxg5+ Kxg5 35. e5 Nd5 36. g3 dxe5 37. Rxe5+ Kf6 38.
Bh3 Kf7 39. Bg2 b6 40. Bf3 Kf6 41. Kf2 Ne7 42. g4 hxg4 43. Bxg4 1/2-1/2

[Event "Tata Steel 2025"]
[Site "Wijk aan Zee"]
[Date "24.01.2025"]
[Round "6"]
[White "Erigaisi, Arjun"]
[Black "Caruana, Fabiano"]
[Result "1/2-1/2"]
[WhiteElo "2801"]
[BlackElo "2803"]
[EventDate "2025.01.18"]

1. e4 e5 2. Nf3 Nc6 3. Bb5 Nf6 4. O-O Nxe4 5. Re1 Nd6 6. Nxe5 Be7 7. Bf1
Nxe5 8. Rxe5 O-O 9. d4 Bf6 10. Re1 Re8 11. Rxe8+ Nxe8 12. c3 d5 13. Bd3 g6
14. Nd2 c6 15. Nf3 Ng7 16. Bf4 Bf5 17. Bxf5 Nxf5 18. Qd2 Qf8 19. Re1 Re8
20. Rxe8 Qxe8 21. Qe1 Qxe1+ 22. Nxe1 Ng7 23. Kf1 Ne6 24. Be3 h5 25. Ke2 Kf8
26. Nd3 Ke7 27. Ne1 Bg7 28. Nd3 Bf6 29. Ne1 Bg7 30. Nd3 Bf6 1/2-1/2

[Event "Tata Steel 2025"]
[Site "Wijk aan Zee"]
[Date "24.01.2025"]
[Round "6"]
[White "Keymer, Vincent"]
[Black "Giri, Anish"]
[Result "1/2-1/2"]
[WhiteElo "2733"]
[BlackElo "2731"]
[EventDate "2025.01.18"]

1. d4 Nf6 2. c4 g6 3. g3 c6 4. Bg2 d5 5. Qb3 Bg7 6. Nc3 O-O 7. Nf3 Qb6 8.
O-O Rd8 9. h3 Be6 10. c5 Qxb3 11. axb3 Ne4 12. Bf4 Nd7 13. g4 h6 14. Ra4 g5
15. Bc7 Rdc8 16. Bh2 f5 17. gxf5 Bxf5 18. Rfa1 a6 19. Rb4 Nxc3 20. bxc3 Ra7
21. Ra5 Be4 22. h4 g4 23. Ne1 Bf5 24. Ra2 h5 25. Rba4 e5 26. e3 Re8 27. Bf1
Nf8 28. Ng2 Ng6 29. b4 Bd7 30. Bd3 Kf7 31. Bxg6+ Kxg6 32. Bxe5 Bxe5 33.
dxe5 Rxe5 34. Rd2 Be8 35. Ra1 Bf7 36. Nf4+ Kf6 37. Rd4 Ra8 38. Ne2 Ke7 39.
Kf1 Bg6 40. Ng3 Rf8 41. Rf4 Rf6 42. Rd1 Kf7 43. Rdd4 Re8 44. Ne2 Be4 45. c4
Rxf4 46. Nxf4 Re5 47. Ke1 Kf6 48. Kd2 Rf5 49. Kc3 Ke5 50. cxd5 cxd5 51. Rd2
Bh1 52. Rd4 Be4 53. Rd1 Bf3 54. Rd4 1/2-1/2

[Event "Tata Steel 2025"]
[Site "Wijk aan Zee"]
[Date "24.01.2025"]
[Round "6"]
[White "Sarana, Alexey"]
[Black "Fedoseev, Vladimir"]
[Result "1-0"]
[WhiteElo "2677"]
[BlackElo "2717"]
[EventDate "2025.01.18"]

1. d4 d5 2. c4 e6 3. Nc3 Be7 4. cxd5 exd5 5. Bf4 c6 6. Qc2 Nf6 7. h3 Qa5 8.
e3 Ne4 9. Bd3 Na6 10. Qa4 Qb6 11. Qb3 Bf5 12. Bxe4 dxe4 13. Nge2 Nb4 14.
O-O O-O 15. Qd1 Bg6 16. Bg3 f5 17. Nf4 Bf7 18. a3 Na6 19. b4 Qd8 20. d5 Qc8
21. Rc1 Rd8 22. Qa4 c5 23. Rfd1 cxb4 24. Nb5 Bc5 25. axb4 Nxb4 26. Bh4 Rd7
27. Nxa7 Qe8 28. Rxc5 Na6 29. Rcc1 Rxa7 30. d6 h6 31. Be7 b5 32. Qxb5 Rxe7
33. Qxe8+ Rxe8 34. d7 Nc7 35. d8=Q Rxd8 36. Rxd8+ Ne8 37. h4 Kh7 38. Ne6
Kg6 39. Nf4+ Kf6 40. Rcc8 g5 41. hxg5+ hxg5 42. Nd5+ Bxd5 43. Rxd5 Ke6 44.
Rcc5 Nd6 45. g4 1-0

[Event "Tata Steel 2025"]
[Site "Wijk aan Zee"]
[Date "24.01.2025"]
[Round "6"]
[White "Praggnanandhaa, Rameshbabu"]
[Black "Wei Yi"]
[Result "1/2-1/2"]
[WhiteElo "2741"]
[BlackElo "2751"]
[EventDate "2025.01.18"]

1. e4 e5 2. Nf3 Nc6 3. Bb5 a6 4. Ba4 Nf6 5. O-O Nxe4 6. d4 b5 7. Bb3 d5 8.
dxe5 Be6 9. c3 Be7 10. Re1 O-O 11. h3 Qd7 12. Be3 Na5 13. Nbd2 Nxb3 14.
axb3 c5 15. Nxe4 dxe4 16. Qxd7 Bxd7 17. Nd2 Bc6 18. Bf4 f5 19. exf6 Rxf6
20. Bg5 Re6 21. Bxe7 Rxe7 22. b4 cxb4 23. cxb4 Bd5 24. Nf1 Kf7 25. Ne3 Be6
26. Red1 Rd7 27. Rxd7+ Bxd7 28. Rd1 Ke6 29. Kh2 Rf8 30. Kg3 Bc6 31. Rc1 Kd6
32. Rc5 Bd7 33. Rg5 Rf7 34. Rd5+ Ke6 35. Rd1 Ke5 36. Rc1 Rf6 37. Rc5+ Kd6
38. Rd5+ Ke6 39. Rd4 Bc6 40. Rd8 Rg6+ 41. Kh2 Rf6 42. Kg1 Rf7 43. Rc8 Bb7
44. Rb8 Kd6 45. h4 g6 46. Rg8 Ke7 47. g4 Bc6 48. Kg2 Kd6 49. Rc8 Kd7 50.
Rh8 Kc7 51. Kg1 Kd7 52. Kf1 Kc7 53. Rg8 Kd7 54. Ke2 Kc7 55. h5 gxh5 56.
gxh5 Kd6 57. h6 Ke5 58. Rg5+ 1/2-1/2

[Event "Tata Steel 2025"]
[Site "Wijk aan Zee"]
[Date "24.01.2025"]
[Round "6"]
[White "Harikrishna, Pentala"]
[Black "Van Foreest, Jorden"]
[Result "1/2-1/2"]
[WhiteElo "2695"]
[BlackElo "2680"]
[EventDate "2025.01.18"]

1. e4 e5 2. Nf3 Nc6 3. Bb5 Nf6 4. d3 d6 5. O-O a6 6. Bxc6+ bxc6 7. Re1 c5
8. c3 Bb7 9. Qc2 Be7 10. d4 cxd4 11. cxd4 d5 12. Qb3 Rb8 13. Qa4+ Qd7 14.
Qxd7+ Nxd7 15. exd5 e4 16. Rxe4 Nf6 17. Re2 Nxd5 18. Nc3 f6 19. Nxd5 Bxd5
20. Bf4 Kd7 21. Bxc7 Rb5 22. Bf4 g5 23. Be3 a5 24. Ne1 a4 25. Nd3 Rhb8 26.
Rd1 Bxa2 27. Nc5+ Ke8 28. Bc1 Bc4 29. Re3 Kf7 30. Nxa4 Ra5 31. Nc3 Ra1 32.
Bd2 Ra7 33. Bc1 Ra1 34. Rde1 Bd8 35. h3 Kg6 36. d5 Ba5 37. d6 Rd8 38. Re4
Bf7 39. Rd4 Bb6 40. Rd2 Bc5 41. d7 Ra7 42. Rde2 Raxd7 43. Be3 Bf8 44. Ra1
Rb7 45. Rc2 Be6 46. Ra6 Bf5 47. Rd2 Rxd2 48. Bxd2 Kf7 49. Be3 Rxb2 50. Bd4
Be6 51. Ra7+ Kg6 52. Ra6 Kf7 53. Ra7+ Kg6 54. Ra6 1/2-1/2

[Event "Tata Steel 2025"]
[Site "Wijk aan Zee"]
[Date "24.01.2025"]
[Round "6"]
[White "Mendonca, Leon Luke"]
[Black "Warmerdam, Max"]
[Result "1/2-1/2"]
[WhiteElo "2639"]
[BlackElo "2646"]
[EventDate "2025.01.18"]

1. c4 e6 2. Nc3 d5 3. d4 Nf6 4. cxd5 exd5 5. Bg5 Be7 6. e3 c6 7. Bd3 Nbd7
8. h3 Nf8 9. Nf3 Ne6 10. Bh4 g6 11. O-O O-O 12. Rb1 a5 13. Rc1 Ng7 14. Qb3
Ra7 15. Na4 Bf5 16. Be2 Ne4 17. Bxe7 Qxe7 18. Qb6 Raa8 19. Nc5 Nd6 20. Rc3
Rfb8 21. Nd2 Nc8 22. Qb3 Ne6 23. Nxe6 Bxe6 24. Rc5 Qd8 25. a4 Nd6 26. Ra1
Ra7 27. Rcc1 h5 28. Qc3 Rba8 29. Qc5 Kh7 30. Bd3 Bf5 31. Bxf5 Nxf5 32. Ra3
Nh4 33. Rd1 Nf5 1/2-1/2

[Event "Tata Steel 2025"]
[Site "Wijk aan Zee"]
[Date "25.01.2025"]
[Round "7"]
[White "Wei Yi"]
[Black "Mendonca, Leon Luke"]
[Result "1/2-1/2"]
[WhiteElo "2751"]
[BlackElo "2639"]
[EventDate "2025.01.18"]

1. e4 e5 2. Nf3 Nc6 3. Bb5 a6 4. Ba4 Nf6 5. Nc3 b5 6. Bb3 Be7 7. d3 d6 8.
a3 O-O 9. O-O h6 10. Be3 Be6 11. Nd5 Qd7 12. Rc1 Bd8 13. c4 Na5 14. Ba2
bxc4 15. Nxf6+ Bxf6 16. dxc4 c5 17. b4 cxb4 18. axb4 Nc6 19. Rb1 Rfc8 20.
Qa4 Qb7 21. Rfd1 Be7 22. h3 Rcb8 23. Bd2 Rc8 24. Be3 Rcb8 25. Bd2 Rc8 26.
Qc2 Qc7 27. Rdc1 a5 28. b5 Nb4 29. Bxb4 axb4 30. Rxb4 Qc5 31. Ra4 Bd8 32.
Rxa8 Rxa8 33. Bb3 Bb6 34. Rb1 Rc8 35. Rc1 Ra8 36. Ne1 Ra3 37. Rb1 Qd4 38.
Nf3 Qc5 39. Ne1 Qd4 40. Nf3 Qc5 1/2-1/2

[Event "Tata Steel 2025"]
[Site "Wijk aan Zee"]
[Date "25.01.2025"]
[Round "7"]
[White "Caruana, Fabiano"]
[Black "Sarana, Alexey"]
[Result "1/2-1/2"]
[WhiteElo "2803"]
[BlackElo "2677"]
[EventDate "2025.01.18"]

1. c4 e6 2. g3 Nf6 3. Bg2 d5 4. Nf3 Be7 5. O-O O-O 6. d4 dxc4 7. Qc2 a6 8.
a4 Bd7 9. Qxc4 Bc6 10. Bg5 Nbd7 11. Nc3 h6 12. Bf4 Bd6 13. Qd3 Bxf4 14.
gxf4 a5 15. Kh1 Ra6 16. Rg1 Rb6 17. Ne5 Nxe5 18. fxe5 Ng4 19. Qg3 Qxd4 20.
Bxc6 Nxf2+ 21. Kg2 bxc6 22. Qxf2 Qxe5 23. e4 Rfb8 24. Rab1 Rb3 25. Qc2 c5
26. Kh1 R3b4 27. Rg3 c6 28. Qg2 Kh8 29. Rf3 Kg8 30. Rf2 R8b7 31. Rg1 Kh7
32. Re1 Qg5 33. Ree2 Qe5 34. Re3 Qg5 35. Rg3 Qe5 36. Rgf3 Kg8 37. Rd2 Rd4
38. Re2 Rbd7 39. Ref2 Rd3 40. Rxd3 Rxd3 41. Qf1 Rd7 42. Qe2 Rd4 43. Qf3 Rd7
44. Kg2 f6 45. Qg3 Qxg3+ 46. hxg3 e5 47. Rc2 Rd4 48. Kf3 Kf7 49. Rc1 h5 50.
Nd1 Rxa4 51. Ne3 Rb4 52. Rxc5 Rxb2 53. Rxa5 Rb7 54. Ra8 Rc7 55. Rh8 Kg6 56.
Nc4 c5 57. Rd8 Kg5 58. Rd1 Rb7 59. Rc1 g6 60. Ne3 Rb5 61. Nc4 1/2-1/2

[Event "Tata Steel 2025"]
[Site "Wijk aan Zee"]
[Date "25.01.2025"]
[Round "7"]
[White "Van Foreest, Jorden"]
[Black "Praggnanandhaa, Rameshbabu"]
[Result "1/2-1/2"]
[WhiteElo "2680"]
[BlackElo "2741"]
[EventDate "2025.01.18"]

1. e4 c5 2. Nf3 Nc6 3. Nc3 Nf6 4. Bb5 g6 5. e5 Nh5 6. O-O Bg7 7. Re1 Nd4 8.
d3 O-O 9. g4 d5 10. h3 a6 11. Ba4 Ne6 12. gxh5 b5 13. Bb3 c4 14. h6 Bh8 15.
dxc4 dxc4 16. Qxd8 Rxd8 17. Bxc4 bxc4 18. Be3 Bb7 19. Ng5 Bxe5 20. Nxe6
fxe6 21. Bg5 Bxc3 22. bxc3 Kf7 23. Rab1 Bd5 24. Rb6 Rdb8 25. Reb1 Rxb6 26.
Rxb6 Ke8 27. Kf1 Kd7 28. Ke2 Kc7 29. Rb2 Kc8 30. Ke3 Rb8 31. Rxb8+ Kxb8 32.
Kd4 Kc7 33. Bxe7 Kc6 34. h4 Bg2 35. a3 Bf1 36. Bb4 1/2-1/2

[Event "Tata Steel 2025"]
[Site "Wijk aan Zee"]
[Date "25.01.2025"]
[Round "7"]
[White "Giri, Anish"]
[Black "Abdusattorov, Nodirbek"]
[Result "1/2-1/2"]
[WhiteElo "2731"]
[BlackElo "2768"]
[EventDate "2025.01.18"]

1. c4 e5 2. g3 Nf6 3. Bg2 d5 4. cxd5 Nxd5 5. Nf3 Nc6 6. O-O Nb6 7. Nc3 Be7
8. Rb1 O-O 9. b4 f6 10. d3 Be6 11. b5 Nd4 12. Nd2 c6 13. bxc6 Nxc6 14. Nc4
Nxc4 15. dxc4 Qxd1 16. Rxd1 Rab8 17. Nd5 Kf7 18. Be3 Rfd8 19. f4 exf4 20.
gxf4 Bf5 21. Rb5 a6 22. Rb6 Na5 23. Rc1 Bf8 24. Bf2 Re8 25. Bf3 Rbc8 26. c5
Kg8 27. Kg2 Be4 28. h4 h5 29. Kg3 f5 30. Nb4 Bxf3 31. Kxf3 1/2-1/2

[Event "Tata Steel 2025"]
[Site "Wijk aan Zee"]
[Date "25.01.2025"]
[Round "7"]
[White "Gukesh, Dommaraju"]
[Black "Harikrishna, Pentala"]
[Result "1-0"]
[WhiteElo "2777"]
[BlackElo "2695"]
[EventDate "2025.01.18"]

1. e4 e6 2. d4 d5 3. e5 c5 4. c3 Nc6 5. Nf3 Bd7 6. Be2 Nge7 7. O-O cxd4 8.
cxd4 Nf5 9. Nc3 a6 10. Kh1 Rc8 11. Rb1 Qb6 12. g4 Nfe7 13. Be3 h5 14. g5
Nf5 15. g6 f6 16. exf6 gxf6 17. Bd3 Nce7 18. Rg1 Bg7 19. Na4 Qd6 20. b4 b6
21. b5 axb5 22. Bxb5 Bxb5 23. Rxb5 Nxe3 24. fxe3 Rc6 25. Qb3 O-O 26. Nxb6
Bh6 27. Na4 Nf5 28. Rc5 Rxc5 29. Nxc5 Nxe3 30. Qb7 Bg7 31. Re1 Nf5 32. Nxe6
Rb8 33. Qf7+ Kh8 34. Nxg7 Nxg7 35. Re7 Rg8 36. Rd7 Qb6 37. Rxd5 Qb1+ 38.
Kg2 f5 39. Rc5 Qb2+ 40. Kf1 Qa1+ 41. Kf2 Qb2+ 42. Kg3 h4+ 43. Kf4 Qb8+ 44.
Re5 Qd6 45. Kg5 1-0

[Event "Tata Steel 2025"]
[Site "Wijk aan Zee"]
[Date "25.01.2025"]
[Round "7"]
[White "Fedoseev, Vladimir"]
[Black "Keymer, Vincent"]
[Result "1-0"]
[WhiteElo "2717"]
[BlackElo "2733"]
[EventDate "2025.01.18"]

1. d4 Nf6 2. c4 e6 3. Nf3 d5 4. Nc3 c6 5. Bg5 h6 6. Bxf6 Qxf6 7. e3 Nd7 8.
Be2 Qe7 9. c5 g5 10. b4 Bg7 11. Rc1 O-O 12. b5 g4 13. Nd2 e5 14. Nb3 exd4
15. Nxd4 Ne5 16. O-O Qxc5 17. bxc6 bxc6 18. Ncb5 Qb6 19. Nd6 Bd7 20. N4f5
h5 21. f3 Rfb8 22. Kh1 Bf8 23. f4 Ng6 24. e4 Qb4 25. e5 Qa3 26. Ng3 Bxd6
27. exd6 Qxd6 28. Nxh5 Rb4 29. Bxg4 f5 30. Bf3 Rf8 31. a3 Rb7 32. Re1 Rf7
33. Qd4 Nf8 34. Re3 Nh7 35. Be2 Nf6 36. Rg3+ Kh7 37. Rg5 c5 38. Nxf6+ Rxf6
39. Qe3 Rb8 40. Bd3 c4 41. Qh3+ Rh6 42. Bxf5+ Bxf5 43. Qxf5+ Kh8 44. h3 Rd8
45. Rd1 d4 46. Qf7 Rh7 47. Qxc4 Qxf4 48. Qc5 Qe4 49. Rd3 a6 50. Rdg3 Qf4
51. Rf3 1-0

[Event "Tata Steel 2025"]
[Site "Wijk aan Zee"]
[Date "25.01.2025"]
[Round "7"]
[White "Warmerdam, Max"]
[Black "Erigaisi, Arjun"]
[Result "1-0"]
[WhiteElo "2646"]
[BlackElo "2801"]
[EventDate "2025.01.18"]

1. e4 c5 2. Nf3 d6 3. c3 Nf6 4. h3 Bd7 5. Bd3 Nc6 6. Bc2 Rc8 7. O-O g5 8.
d4 g4 9. d5 gxf3 10. dxc6 Bxc6 11. Qxf3 Rg8 12. Rd1 e6 13. Nd2 b5 14. a4 a6
15. axb5 axb5 16. Nf1 Nd7 17. Ng3 Ne5 18. Qh5 Rg7 19. Kh2 Qf6 20. f4 Nd7
21. Qe2 Qd8 22. e5 Qh4 23. Ne4 Bxe4 24. Bxe4 d5 25. Qxb5 c4 26. Ra7 Rd8 27.
Bxd5 exd5 28. Qxd5 Qe7 29. Ra8 Rxa8 30. Qxa8+ Qd8 31. Qb7 Bc5 32. f5 Bb6
33. Bh6 Rg8 34. Kh1 Qc7 35. Qd5 Rg3 36. e6 fxe6 37. Qxe6+ Kd8 38. Bf4 1-0

[Event "Tata Steel 2025"]
[Site "Wijk aan Zee"]
[Date "26.01.2025"]
[Round "8"]
[White "Warmerdam, Max"]
[Black "Wei Yi"]
[Result "0-1"]
[WhiteElo "2646"]
[BlackElo "2751"]
[EventDate "2025.01.18"]

1. e4 e5 2. Nf3 Nc6 3. d4 exd4 4. Nxd4 Nf6 5. Nxc6 bxc6 6. Bd3 d5 7. exd5
cxd5 8. O-O Be7 9. h3 O-O 10. Re1 c5 11. b3 Bb7 12. Nc3 c4 13. Bf1 d4 14.
Nb5 Bb4 15. Bd2 Bc5 16. Re5 Ne4 17. Rxc5 Qf6 18. Be1 Nxc5 19. Qxd4 Qxd4 20.
Nxd4 Rfd8 21. Nf5 cxb3 22. axb3 a6 23. Bc4 Ne6 24. Bxe6 fxe6 25. Ne3 Rac8
26. Ra4 Rc5 27. Bb4 Re5 28. Bc3 Re4 29. Ra2 Rf4 30. Ra5 h6 31. Kf1 Bc6 32.
Kg1 Bb7 33. Kf1 Kh7 34. Ke2 Rf7 35. f3 Rc7 36. Be1 Rcd7 37. Bb4 Rb8 38. Bc3
Rc8 39. Bb4 Rc6 40. Bc5 Bc8 41. Ba3 Rb7 42. Bb2 Bd7 43. Ra3 Be8 44. Bd4 Bf7
45. Ra2 Rb4 46. Bb2 Bg6 47. Kd2 Rb5 48. Ra4 Rb7 49. Bd4 Be8 50. Nc4 e5 51.
Nxe5 Rd6 52. Rc4 Bb5 53. Rb4 a5 54. Rxb5 Rxb5 55. Ke3 Rbd5 56. Bc3 a4 57.
bxa4 Rc5 58. Bd4 Rxc2 59. g4 Ra2 60. f4 Rxa4 61. Bc5 Rd5 62. Be7 g5 63. Nd3
gxf4+ 0-1

[Event "Tata Steel 2025"]
[Site "Wijk aan Zee"]
[Date "26.01.2025"]
[Round "8"]
[White "Harikrishna, Pentala"]
[Black "Giri, Anish"]
[Result "1/2-1/2"]
[WhiteElo "2695"]
[BlackElo "2731"]
[EventDate "2025.01.18"]

1. e4 e5 2. Nf3 Nc6 3. Bb5 a6 4. Ba4 Nf6 5. O-O b5 6. Bb3 Bc5 7. c3 d6 8.
d4 Bb6 9. h3 O-O 10. Re1 Rb8 11. Be3 Re8 12. Nbd2 h6 13. dxe5 Nxe5 14. Bc2
Bxe3 15. Rxe3 c5 16. Re1 Bb7 17. a4 Ng6 18. axb5 axb5 19. b4 Qb6 20. bxc5
Qxc5 21. Rb1 d5 22. e5 Ne4 23. Bxe4 dxe4 24. Nxe4 Bxe4 25. Rxe4 Nxe5 26.
Nxe5 Rxe5 27. Rxe5 Qxe5 28. Qd3 Rc8 29. Qxb5 Qxb5 30. Rxb5 Rxc3 1/2-1/2

[Event "Tata Steel 2025"]
[Site "Wijk aan Zee"]
[Date "26.01.2025"]
[Round "8"]
[White "Abdusattorov, Nodirbek"]
[Black "Fedoseev, Vladimir"]
[Result "1/2-1/2"]
[WhiteElo "2768"]
[BlackElo "2717"]
[EventDate "2025.01.18"]

1. e4 e5 2. Nf3 Nf6 3. Nxe5 d6 4. Nf3 Nxe4 5. d4 d5 6. Bd3 Bd6 7. O-O O-O
8. c4 c6 9. Re1 Re8 10. Qb3 h6 11. cxd5 cxd5 12. Nc3 Nxc3 13. Rxe8+ Qxe8
14. bxc3 Qc6 15. Rb1 b6 16. Bb5 Qb7 17. Ba3 Bxa3 18. Qxa3 Bd7 19. Qe7 Nc6
20. Qd6 a6 21. Bxc6 Bxc6 22. Ne5 Rc8 23. h4 b5 24. Nd3 Qc7 25. Qxc7 Rxc7
26. Nc5 a5 27. f3 Ra7 28. Rb2 Kf8 29. Kf2 Ke7 30. Ke3 Kd6 31. Kd2 h5 32.
Nd3 f6 33. Rb1 Be8 34. Re1 Bg6 35. Nc5 Bf5 36. Re8 b4 37. g3 Kc6 38. Nd3
Rb7 39. Ra8 Bxd3 40. Kxd3 Kb6 41. Rd8 Kc6 42. g4 bxc3 43. Rc8+ Kd6 44. Kxc3
Rb1 45. Rg8 Rf1 46. gxh5 Rxf3+ 47. Kc2 Rf4 48. Kc3 Rxh4 49. Rxg7 Rxh5 50.
Ra7 Rh3+ 51. Kb2 Rd3 52. Ra6+ Ke7 53. Rxa5 Rxd4 54. Kc3 Rc4+ 55. Kd3 Kd6
56. Ra8 Ke5 57. a4 Rd4+ 58. Kc3 Rc4+ 59. Kd3 Rc6 60. a5 Re6 61. a6 f5 62.
a7 Re7 63. Ke3 d4+ 64. Kd3 f4 65. Rb8 Rxa7 66. Rb5+ Kf6 67. Ke4 d3 68. Kxf4
Rd7 69. Rb6+ Ke7 70. Rb1 d2 71. Rd1 Kf6 72. Ke4 Ke6 73. Kf4 Rd4+ 74. Ke3
Ke5 75. Rxd2 Rxd2 76. Kxd2 1/2-1/2

[Event "Tata Steel 2025"]
[Site "Wijk aan Zee"]
[Date "26.01.2025"]
[Round "8"]
[White "Praggnanandhaa, Rameshbabu"]
[Black "Gukesh, Dommaraju"]
[Result "1/2-1/2"]
[WhiteElo "2741"]
[BlackElo "2777"]
[EventDate "2025.01.18"]

1. e4 e5 2. Nf3 Nc6 3. Bb5 Nf6 4. d3 Bc5 5. Bxc6 dxc6 6. O-O Qe7 7. Nbd2 a5
8. Nc4 Nd7 9. c3 O-O 10. Qc2 b6 11. Re1 Ba6 12. b3 Rfe8 13. d4 Bxc4 14.
bxc4 Bd6 15. Bd2 a4 16. Rad1 f6 17. g3 Qf7 18. d5 Nc5 19. Be3 Nb7 20. dxc6
Na5 21. Bxb6 Nxc4 22. Be3 Reb8 23. Rb1 a3 24. Rb7 Rxb7 25. cxb7 Rb8 26. Qb3
Nxe3 27. fxe3 Qxb3 28. axb3 Rxb7 29. Nd2 Kf7 30. Ra1 Ke6 31. Kf2 g6 32. Ra2
f5 33. Kf3 h5 1/2-1/2

[Event "Tata Steel 2025"]
[Site "Wijk aan Zee"]
[Date "26.01.2025"]
[Round "8"]
[White "Erigaisi, Arjun"]
[Black "Sarana, Alexey"]
[Result "1/2-1/2"]
[WhiteElo "2801"]
[BlackElo "2677"]
[EventDate "2025.01.18"]

1. d4 Nf6 2. c4 e6 3. Nc3 d5 4. cxd5 exd5 5. Bg5 c6 6. e3 Bf5 7. Qf3 Bg6 8.
Bxf6 Qxf6 9. Qxf6 gxf6 10. Nf3 a5 11. Nh4 Bb4 12. Rc1 Nd7 13. a3 Bxc3+ 14.
Rxc3 a4 15. Be2 Ke7 16. g3 Kd6 17. Kd2 Nf8 18. Rf1 Ne6 19. Bd3 Ra5 20. Nf5+
Kd7 21. Nh4 Kd6 22. Bc2 Nc7 23. Bd3 1/2-1/2